MARC

LEADER 00000nam0a2200000 4500
001 148874
005 20231031145621.0
035 |a (RuTPU)RU\TPU\book\161406 
090 |a 148874 
100 |a 20081209d1989 k y0rusy50 ca 
101 0 |a rus 
102 |a RU 
105 |a y z 001zy 
200 1 |a Язык Модула-2, его реализация и использование  |e сборник научных трудов  |f Академия наук СССР (АН СССР), Сибирское отделение (СО), Вычислительный центр ; под ред. И. В. Поттосина 
210 |a Новосибирск  |d 1989 
215 |a 144 с. 
320 |a Библиогр. в конце ст. 
610 1 |a языки 
610 1 |a программирование 
610 1 |a Модула 
610 1 |a реализация 
610 1 |a использование 
610 1 |a языки программирования 
610 1 |a применение 
610 1 |a программное обеспечение 
675 |a 681.3.06  |v 3 
702 1 |a Поттосин  |b И. В.  |g Игорь Васильевич  |4 340 
712 0 2 |a Академия наук СССР (АН СССР)  |b Сибирское отделение (СО)  |b Вычислительный центр  |c (Новосибирск)  |2 stltpush  |3 (RuTPU)RU\TPU\col\11456 
801 1 |a RU  |b 63413507  |c 20081209  |g PSBO 
801 2 |a RU  |b 63413507  |c 20090425  |g PSBO 
942 |c BK